Регионална библиотека "Любен Каравелов" - Русе

Дневници стенографически на осмото Обикновенно Народно Събрание (Запис номер 406825)

MARC детайли
000 -Лидер
Контролно поле с фиксирана дължина nam a22 a 4500
003 - Код на организацията, давaща контролен номер
Контролно поле BLK
005 - Дата и час на последна редакция
Контролно поле 20230214104127.0
008 - Елементи от данни с фиксирана дължина
fixed length control field 210408b bu |||||r|||| 00| | bu d
040 ## - Източник на каталожния запис
Идентификатор на билиотеката - собственик на записа BLK
041 ## - Код за език
Код за езика на текст/звукозапис или на отделно заглавие Български
Код за езика КДБФ Български
080 ## - УДК
Текстов определител УДК Парламенти. Представителни органи. Правителства. Вж и 342.53
УДК код - определител по УДК 328
УДК - код + определител 328(497.2)(093.2)
110 ## - Редна дума - колетивен орган
9 (RLIN) 446657
Редна дума - наименование на организация или юридическо лице България. Народно събрание
245 ## - Сведения за заглавието
Заглавие Дневници стенографически на осмото Обикновенно Народно Събрание
Подзаглавни данни втора редовна сесия : отворена на 19 окт. 1895 г. - затворена на 4 февр. 1896
Заглавие на том Кн. 3, Заседания ХLІІІ - LХ
260 ## - Област на издателските данни
9 (RLIN) 413023
Място на издаване, разпространение и проч. София
Име на издателя, разпространителя и проч. Издание на Народното събрание
Година на издаване 1896
Печатница Държ. печ.
300 ## - Физическа характеристика
Страници 1268 с.
Размери/Мащаб 32 см
380 ## - Жанр
Жанр Обществени науки
490 ## - СЕРИИ (Колекции)
9 (RLIN) 435080
Име на серия Колекция Редки и ценни издания
650 #7 - Допълнително описание по предмет – тема
9 (RLIN) 163426
Основно описание – тема или топоним Народно събрание - България - стенографски дневници
852 ## - Местоположение
Форматна сигнатура Рб 896
999 ## - СИСТЕМНИ КОНТРОЛНИ НОМЕРА
Koha biblionumber 406825
Koha biblioitemnumber 406825
942 ## - АРТИКУЛИ
Вид на библиотечния материал Книги
Скрит в OPAC Не
Периодичен библиозапис Да
Koha issues (borrowed), all copies 3
944 ## - СЪЗДАВАНЕ И РЕДАКЦИЯ на ЗАПИСА
Създаване/Редакция Създаване
Дата на регистрацията/редакция 2021-04-08
Служител, извършил регистрацията/редакцията В.Р.
Наличности
Код за отписване Код за изгубен артикул Източник на класификационната схема Код за повреда Коз за рестрикции Код за отдаване Артикулен № Име на библиотеката - собственик Име на библиотеката, в която се намира в момента Статус (Текущо местоположение) Дата на вписване в системата Местоположение - отдел Цена в лева Инвентарен номер Систематично азбучна сигнатура Баркод Цена в евро Служебен тип на артикула
  Не е изгубен Universal Decimal Classification Не е повреден само за читалня Специални фондове ( старопечатни, редки и ценни, фонд М. Арнаудов) 852946 Регионална библиотека "Любен Каравелов" Русе Регионална библиотека "Любен Каравелов" Русе Редки и ценни 2021-09-17 Редки и ценни 0.29 32896-ІІІ Рб 896 900000051917 0.15 Книги
Vip Innovations Ltd, Rousse, Bulgaria 2025